|
|
|
|
| LEADER |
02035nam a22003612a 4500 |
| 001 |
000304287 |
| 003 |
CZ BrMZK |
| 005 |
20100708114624.0 |
| 007 |
ta |
| 008 |
980107s1964 xr a f cze d |
| 015 |
|
|
|a cnb000143003
|
| 035 |
|
|
|a (OCoLC)85204636
|
| 040 |
|
|
|a ABA001
|b cze
|c OLA001
|d ABA001
|
| 041 |
1 |
|
|a cze
|h pol
|
| 080 |
9 |
|
|a 884-321.1-32.1.6:940.5(438)
|2 undef
|
| 080 |
9 |
|
|a 92 Rudnicki, A.
|
| 100 |
1 |
|
|a Rudnicki, Adolf,
|d 1912-1990
|7 ola2003169792
|4 aut
|
| 245 |
1 |
0 |
|a Nemilovaná a jiné povídky /
|c Adolf Rudnicki ; z pol. originálů vybr. a přel. Helena Stachová ; Pavel Wincer: Adolf Rudnicki - romantik a moralista, dosl. ; [Barev.] il. Jiří Šindler
|
| 250 |
|
|
|a 1. vyd.
|
| 260 |
|
|
|a Praha :
|b Mladá fronta,
|c 1964
|
| 300 |
|
|
|a 204, [3] s. :
|b [17] s. barev. obr. příl. ;
|c 8°
|
| 490 |
1 |
|
|a Kapka. Ilustrovaná řada ;
|v sv. 20
|
| 500 |
|
|
|a 12500 výt.
|
| 520 |
2 |
|
|a Kniha povídek (Nemilovaná, Císař, Josefov, Nanebevstoupení, Čistý proud, Bílá, Kráva, Obraz s kočkou a psem) soudobého polského spisovatele (nar. 1912). Jsou psány z největší části na téma lásky, osudového vztahu mezi dvěmajedinci, který je vystavován nejtěžším zkouškám, žije a živoří v oddálení od světa i v podmínkách nejednou přímo nelidských, jak je vytvářela zejména válka a vyhlazovací akce proti Židům.
|
| 700 |
1 |
|
|a Stachová, Helena,
|d 1931-
|7 jk01120815
|4 trl
|
| 700 |
1 |
|
|a Winczer, Pavol,
|d 1935-2014
|7 jn20010602426
|4 wfw
|
| 830 |
|
0 |
|a Kapka.
|p Ilustrovaná řada
|0 s
|
| 856 |
4 |
1 |
|u https://www.digitalniknihovna.cz/mzk/uuid/uuid:fee377e0-49d8-11e2-a9ad-005056827e51
|y Digitalizovaný dokument
|x NDK
|
| 910 |
|
|
|a BOA001
|b PK-0036.554
|b 1-0515.475
|
| 990 |
|
|
|a BK
|
| 996 |
7 |
|
|b 2619455521
|c 1-0515.475
|l MZK
|r Sklad / do 1 hodiny
|n 1
|w 000304287
|u 000030
|a 1
|e BOA001
|j MZK50
|s A
|
| 996 |
6 |
|
|b 2619455522
|c 1-0515.475
|l MZK
|r Sklad / do 1 hodiny
|n 0
|w 000304287
|u 000020
|a 1
|e BOA001
|j MZK50
|s P
|
| 996 |
7 |
|
|b 3119923552
|c PK-0036.554
|l MZK
|r Sklad / do 1 hodiny
|n 2
|w 000304287
|u 000010
|a 1
|e BOA001
|j MZK50
|s A
|